Financial analysis of Berlin Brands Group, a.s diplomová práca

Gespeichert in:
Bibliographische Detailangaben
1. Verfasser: Mazán, Tomáš, 1996-
Körperschaft: Národohospodárska fakulta EU. Katedra financií
Weitere Verfasser: Sivák, Rudolf, 1955-
Format: Buch
Sprache:Slowakisch
Veröffentlicht: Bratislava 2021
Tags: Tag hinzufügen
Keine Tags, Fügen Sie das erste Tag hinzu!

MARC

LEADER 00000nbm a2200000 4500
001 0278152
005 20220104091656.9
041 0 |a slo 
044 |a SK 
245 1 0 |a Financial analysis of Berlin Brands Group, a.s  |b diplomová práca  |c Tomáš Mazán ; školiteľ: Rudolf Sivák 
264 1 |a Bratislava  |c 2021 
300 |a 54 s. 
100 1 |a Mazán, Tomáš, 1996- 
700 1 |a Sivák, Rudolf, 1955- 
710 2 |a Národohospodárska fakulta EU. Katedra financií